000 01087nam a22002297a 4500
005 20180803165544.0
008 140404t2009 ck abd gr 000|0 spa d
020 _a9789589686379
041 0 _aspa
044 _ack
082 0 4 _a363.73874
_bC718i
110 1 _aColombia
_bMinisterio de Ambiente, Vivienda y Desarrollo Territorial
_992336
245 1 0 _aInventario nacional de fuentes y sumideros de gases de efecto invernadero
_b2000-2004
_cMinisterio de Ambiente, Vivienda y Desarrollo Territorial , Instituto de Hidrología, Meteorología y Estudios Ambientales
260 3 _aBogotá
_bInstituto de Hidrología, Meteorología y Estudios Ambientales
_c2009
300 _a340 p.
_bil., mapas, tablas, gráficas
_c28 cm
504 _aIncluye bibliografía (página 340)
650 4 _aGases de invernadero
_xAspectos ambientales
_zColombia
_923358
650 4 _aGases de invernadero
_zColombia
_vEstadísticas
_923359
650 4 _aEfecto invernadero
_zColombia
_vEstadísticas
_923360
710 2 _aInstituto de Hidrología, Meteorología y Estudios Ambientales
_923361
942 _2ddc
_cImpreso
999 _c8350
_d8350